Industriál v temnotách

Bibliographic Details
Main Author: Droppová, Zoja (Author)
Format: Article
Language:Slovak
PhysicalDescription:Fotogr.
ISSN:1335-034X
Subjects:

MARC

LEADER 00000nab a2200000 a 4500
001 vtls009470356
003 SK-MaSNL
005 20260426063500.0
008 140328c2008 xo zr|p|||||||000 b|slo
015 |a SNBRB2009/02  |2 snkbucl 
038 |a SNKBUCL 
040 |a SNKBUCL  |b slo  |c SNKBUCL  |e AACR2 
041 0 |a slo 
044 |a xo  |c SK 
080 |a 725.4.025.1:711.432  |x (437.6)  |2 2001 
100 1 |a Droppová, Zoja  |4 aut  |9 248449 
245 1 0 |a Industriál v temnotách  |c Zoja Droppová 
300 |b Fotogr. 
650 0 7 |a priemyselná architektúra  |2 snkbucl  |9 70948 
650 0 7 |a architektonické pamiatky  |2 snkbucl  |9 28990 
650 0 7 |a industriálne dedičstvo  |2 snkbucl  |9 78112 
650 0 7 |a demolácia stavieb  |2 snkbucl  |9 74821 
651 7 |a Bratislava (Slovensko)  |2 SNPKHgeo  |9 14568 
773 0 |t Designum  |g Roč. XIV, č. 5 (2008), s. 42-44  |x 1335-034X 
852 |a SNK  |b KIS3GCP 
958 |a SK 
999 |c 2556549  |d 2558479